[Event "1st 4NCL Easter Congress"]
[Site "Stevenage"]
[Date "2019.04.20"]
[Round "2"]
[Board "19"]
[White "Ansari, Athar"]
[Black "Verma, Shlok"]
[Result "1-0"]
[WhiteElo "1934"]
[BlackElo "1696"]
[PlyCount "0"]
[EventDate "2019.04.19"]
[EventRounds "7"]
[EventCountry "ENG"]

1. e4 {[%clk 01:30:59]} e6 {[%clk 01:30:48]} {[%emt 00:00:12]} 2. d4 {[%clk
01:31:22]} {[%emt 00:00:07]} d5 {[%clk 01:31:13]} {[%emt 00:00:06]} 3. e5
{[%clk 01:31:47]} {[%emt 00:00:04]} c5 {[%clk 01:31:15]} {[%emt 00:00:27]} 4.
Nf3 {[%clk 01:31:15]} {[%emt 00:01:04]} Nc6 {[%clk 01:31:22]} {[%emt 00:00:22]}
5. Bd3 {[%clk 01:30:10]} {[%emt 00:01:35]} Qb6 {[%clk 01:29:08]} {[%emt
00:02:45]} 6. O-O {[%clk 01:28:43]} {[%emt 00:01:57]} Bd7 {[%clk 01:29:28]}
{[%emt 00:00:09]} 7. Re1 {[%clk 01:28:08]} {[%emt 00:01:05]} c4 {[%clk
01:25:21]} {[%emt 00:04:37]} 8. Bf1 {[%clk 01:28:09]} {[%emt 00:00:28]} Nge7
{[%clk 01:25:09]} {[%emt 00:00:44]} 9. Nc3 {[%clk 01:26:02]} {[%emt 00:02:37]}
Ng6 {[%clk 01:22:53]} {[%emt 00:02:45]} 10. Ne2 {[%clk 01:26:10]} {[%emt
00:00:22]} Be7 {[%clk 01:22:27]} {[%emt 00:00:56]} 11. Ng3 {[%clk 01:25:25]}
{[%emt 00:01:15]} O-O {[%clk 01:19:36]} {[%emt 00:03:21]} 12. c3 {[%clk
01:23:15]} {[%emt 00:02:41]} Qc7 {[%clk 01:18:57]} {[%emt 00:01:08]} 13. Ng5
{[%clk 01:22:28]} {[%emt 00:01:17]} h6 {[%clk 01:17:03]} {[%emt 00:02:24]} 14.
Nh3 {[%clk 01:22:54]} {[%emt 00:00:04]} b5 {[%clk 01:15:42]} {[%emt 00:01:52]}
15. Qh5 {[%clk 01:21:33]} {[%emt 00:01:51]} Rfb8 {[%clk 01:13:54]} {[%emt
00:02:18]} 16. Bxh6 {[%clk 01:20:06]} {[%emt 00:01:56]} gxh6 {[%clk 01:14:16]}
{[%emt 00:00:09]} 17. Qxh6 {[%clk 01:20:27]} {[%emt 00:00:08]} Bf8 {[%clk
01:14:41]} {[%emt 00:00:05]} 18. Qh5 {[%clk 01:20:22]} {[%emt 00:00:35]} Bg7
{[%clk 01:13:17]} {[%emt 00:01:54]} 19. Ng5 {[%clk 01:20:42]} {[%emt 00:00:10]}
Nce7 {[%clk 01:12:54]} {[%emt 00:00:53]} 20. Qh7+ {[%clk 01:17:29]} {[%emt
00:03:43]} Kf8 {[%clk 01:13:15]} {[%emt 00:00:10]} 21. Nh5 {[%clk 01:17:12]}
{[%emt 00:00:45]} Nf5 {[%clk 00:47:30]} {[%emt 00:26:17]} 22. g4 {[%clk
01:16:26]} {[%emt 00:01:15]} Ngh4 {[%clk 00:46:10]} {[%emt 00:01:50]} 23. gxf5
{[%clk 01:16:46]} {[%emt 00:00:10]} Nxf5 {[%clk 00:46:14]} {[%emt 00:00:27]} 24.
Nxg7 {[%clk 01:16:37]} {[%emt 00:00:38]} Nxg7 {[%clk 00:46:20]} {[%emt
00:00:25]} 25. Qh8+ {[%clk 01:16:38]} {[%emt 00:00:29]} Ke7 {[%clk 00:46:43]}
{[%emt 00:00:06]} 26. Qxg7 {[%clk 01:16:44]} {[%emt 00:00:23]} Be8 {[%clk
00:46:59]} {[%emt 00:00:16]} 27. Re3 {[%clk 01:15:48]} {[%emt 00:01:26]} Kd7
{[%clk 00:46:56]} {[%emt 00:00:33]} 28. Bh3 {[%clk 01:15:31]} {[%emt 00:00:46]}
Kc6 {[%clk 00:47:07]} {[%emt 00:00:19]} 29. f4 {[%clk 01:13:30]} {[%emt
00:02:31]} Bd7 {[%clk 00:46:31]} {[%emt 00:01:06]} 30. Rg3 {[%clk 01:13:32]}
{[%emt 00:00:27]} Rg8 {[%clk 00:46:38]} {[%emt 00:00:25]} 31. Qf6 {[%clk
01:13:38]} {[%emt 00:00:23]} Raf8 {[%clk 00:45:57]} {[%emt 00:01:12]} 32. Qe7
{[%clk 01:13:25]} {[%emt 00:00:41]} Kb6 {[%clk 00:45:59]} {[%emt 00:00:28]} 33.
Nxf7 {[%clk 01:13:39]} {[%emt 00:00:17]} Rxg3+ {[%clk 00:46:03]} {[%emt
00:00:27]} 34. hxg3 {[%clk 01:14:06]} {[%emt 00:00:02]} Rg8 {[%clk 00:46:16]}
{[%emt 00:00:17]} 35. Kf2 {[%clk 01:13:44]} {[%emt 00:00:52]} Re8 {[%clk
00:45:02]} {[%emt 00:01:43]} 36. Qd6+ {[%clk 01:14:11]} {[%emt 00:00:04]} Qxd6
{[%clk 00:45:11]} {[%emt 00:00:22]} 37. exd6 {[%clk 01:14:14]} {[%emt
00:00:27]} Kc6 {[%clk 00:45:12]} {[%emt 00:00:29]} 38. Re1 {[%clk 01:14:38]}
{[%emt 00:00:04]} a5 {[%clk 00:45:25]} {[%emt 00:00:19]} 39. Ne5+ {[%clk
01:14:33]} {[%emt 00:00:35]} Kxd6 {[%clk 00:45:19]} {[%emt 00:00:36]} 40. Nxd7
{[%clk 01:14:44]} {[%emt 00:00:19]} Kxd7 {[%clk 00:45:34]} {[%emt 00:00:15]} 41.
Re5 {[%clk 01:15:03]} {[%emt 00:00:11]} b4 {[%clk 00:45:36]} {[%emt 00:00:28]}
42. Rxd5+ {[%clk 01:14:40]} {[%emt 00:00:53]} Kc6 {[%clk 00:45:56]} {[%emt
00:00:09]} 43. Rxa5 {[%clk 01:14:57]} {[%emt 00:00:14]} bxc3 {[%clk 00:46:11]}
{[%emt 00:00:15]} 44. Rc5+ {[%clk 01:14:58]} {[%emt 00:00:28]} Kd6 {[%clk
00:46:12]} {[%emt 00:00:29]} 45. bxc3 {[%clk 01:15:19]} {[%emt 00:00:10]} Ra8
{[%clk 00:46:23]} {[%emt 00:00:20]} 46. Rxc4 {[%clk 01:14:38]} {[%emt
00:01:10]} Rxa2+ {[%clk 00:46:45]} {[%emt 00:00:08]} 47. Kf3 {[%clk 01:14:29]}
{[%emt 00:01:07]}  1-0

[Event "1st 4NCL Easter Congress"]
[Site "Stevenage"]
[Date "2019.04.20"]
[Round "2"]
[Board "20"]
[White "Vaidya, Raghav"]
[Black "Luberto, Michael"]
[Result "0-1"]
[WhiteElo "1438"]
[BlackElo "1930"]
[PlyCount "0"]
[EventDate "2019.04.19"]
[EventRounds "7"]
[EventCountry "ENG"]

1. e4 {[%clk 01:30:56]} {[%emt 00:01:24]} d5 {[%clk 01:24:01]} 2. exd5 {[%clk
01:31:15]} Nf6 {[%clk 01:21:35]} 3. Nc3 {[%clk 01:29:58]} Nxd5 {[%clk
01:16:56]} 4. d4 {[%clk 01:26:01]} a6 {[%clk 01:08:06]} 5. Nf3 {[%clk
01:24:39]} Bg4 {[%clk 01:06:11]} 6. Be2 {[%clk 01:22:27]} Nc6 {[%clk 01:04:10]}
7. Nxd5 {[%clk 01:14:44]} Qxd5 {[%clk 01:04:13]} 8. Be3 {[%clk 01:02:45]} e6 9.
O-O {[%clk 01:00:59]} Rd8 {[%clk 00:56:45]} 10. c3 {[%clk 00:58:14]} Bd6 {[%clk
00:55:07]} 11. h3 {[%clk 00:52:02]} h5 {[%clk 00:49:19]} 12. Qd2 {[%clk
00:42:46]} b5 {[%clk 00:37:10]} 13. b4 {[%clk 00:35:04]} f6 {[%clk 00:22:20]}
14. Rfd1 {[%clk 00:25:04]} Bf5 {[%clk 00:18:16]} 15. Bd3 {[%clk 00:19:30]}
{[%emt 00:04:34]} Bxh3 {[%clk 00:18:27]} {[%emt 00:00:24]} 16. Bg6+ {[%clk
00:17:04]} {[%emt 00:02:56]} Kf8 {[%clk 00:18:56]} {[%emt 00:00:01]} 17. gxh3
{[%clk 00:16:38]} {[%emt 00:00:56]} Qxf3 {[%clk 00:19:23]} {[%emt 00:00:03]} 18.
Kf1 {[%clk 00:13:48]} {[%emt 00:03:19]} Qxh3+ {[%clk 00:19:50]} {[%emt
00:00:04]} 19. Ke1 {[%clk 00:14:01]} {[%emt 00:00:14]} Qg2 {[%clk 00:17:46]}
{[%emt 00:02:37]} 20. Bd3 {[%clk 00:13:51]} {[%emt 00:00:39]} h4 {[%clk
00:16:47]} {[%emt 00:01:30]} 21. Bf4 {[%clk 00:12:53]} {[%emt 00:01:20]} h3
{[%clk 00:14:46]} {[%emt 00:02:39]} 22. Bxd6+ {[%clk 00:13:00]} {[%emt
00:00:23]} Rxd6 {[%clk 00:15:13]} {[%emt 00:00:03]} 23. Qf4 {[%clk 00:13:05]}
{[%emt 00:00:17]} h2 {[%clk 00:15:09]} {[%emt 00:00:42]}  0-1

[Event "1st 4NCL Easter Congress"]
[Site "Stevenage"]
[Date "2019.04.20"]
[Round "2"]
[Board "21"]
[White "Stannard, Anthony S"]
[Black "Ross, Stuart"]
[Result "1-0"]
[WhiteElo "1916"]
[BlackElo "1620"]
[PlyCount "0"]
[EventDate "2019.04.19"]
[EventRounds "7"]
[EventCountry "ENG"]

1. e4 {[%clk 01:30:57]} c5 {[%clk 01:30:57]} 2. c3 {[%clk 01:31:12]} Nf6 {[%clk
01:31:19]} 3. e5 {[%clk 01:31:34]} Nd5 {[%clk 01:31:38]} 4. d4 {[%clk
01:31:52]} cxd4 {[%clk 01:31:53]} 5. Nf3 {[%clk 01:32:10]} Nc6 {[%clk
01:31:37]} 6. cxd4 {[%clk 01:32:25]} d6 {[%clk 01:31:00]} 7. Bc4 {[%clk
01:32:38]} Nb6 {[%clk 01:30:45]} 8. Bb3 {[%clk 01:32:40]} dxe5 {[%clk
01:28:53]} 9. d5 {[%clk 01:32:58]} Na5 {[%clk 01:28:39]} 10. Nc3 {[%clk
01:33:13]} Nxb3 {[%clk 01:28:47]} 11. Qxb3 {[%clk 01:33:32]} e6 {[%clk
01:28:56]} 12. Nxe5 {[%clk 01:31:37]} exd5 {[%clk 01:29:02]} 13. Be3 {[%clk
01:31:11]} Bd6 {[%clk 01:25:55]} 14. Qb5+ {[%clk 01:29:49]} Kf8 {[%clk
01:26:02]} 15. Bxb6 {[%clk 01:18:39]} axb6 {[%clk 01:22:48]} 16. f4 {[%clk
01:01:09]} Be6 {[%clk 01:18:23]} 17. O-O {[%clk 00:59:52]} Ra5 {[%clk
01:02:59]} 18. Qe2 {[%clk 00:54:35]} g6 {[%clk 00:39:57]} 19. a3 {[%clk
00:41:58]} Kg7 {[%clk 00:34:21]} 20. b4 {[%clk 00:39:55]} Ra6 {[%clk 00:29:35]}
21. Nb5 {[%clk 00:27:53]} Bxe5 {[%clk 00:21:51]} 22. fxe5 Bf5 {[%clk 00:15:14]}
{[%emt 00:06:44]} 23. Nd6 {[%clk 00:26:47]} {[%emt 00:01:03]} Be6 {[%clk
00:11:32]} {[%emt 00:04:10]} 24. Rf6 {[%clk 00:23:26]} {[%emt 00:03:53]} Rf8
{[%clk 00:08:06]} {[%emt 00:03:56]} 25. Qb2 {[%clk 00:17:53]} {[%emt 00:06:03]}
Qd7 {[%clk 00:07:21]} {[%emt 00:01:13]} 26. Rc1 {[%clk 00:17:27]} {[%emt
00:00:57]} Qa4 {[%clk 00:06:06]} {[%emt 00:01:44]} 27. Rc7 {[%clk 00:17:15]}
{[%emt 00:00:44]} Qd1+ {[%clk 00:03:27]} {[%emt 00:03:08]} 28. Kf2 {[%clk
00:15:28]} {[%emt 00:02:18]} Qh5 {[%clk 00:02:27]} {[%emt 00:01:29]} 29. Rxe6
{[%clk 00:11:17]} {[%emt 00:04:42]} Qh4+ {[%clk 00:01:58]} {[%emt 00:00:58]} 30.
Kf1 {[%clk 00:11:33]} {[%emt 00:00:14]} Qf4+ {[%clk 00:01:55]} {[%emt
00:00:33]} 31. Kg1 {[%clk 00:11:17]} {[%emt 00:00:47]} Qe3+ {[%clk 00:02:14]}
{[%emt 00:00:11]} 32. Qf2 {[%clk 00:11:31]} {[%emt 00:00:17]}  1-0

[Event "1st 4NCL Easter Congress"]
[Site "Stevenage"]
[Date "2019.04.20"]
[Round "3"]
[Board "1"]
[White "Gormally, Daniel W"]
[Black "Willow, Jonah B"]
[Result "1-0"]
[WhiteElo "2509"]
[BlackElo "2302"]
[PlyCount "0"]
[EventDate "2019.04.19"]
[EventRounds "7"]
[EventCountry "ENG"]

1. e4 {[%clk 01:30:55]} {[%emt 00:00:04]} c5 {[%clk 01:30:52]} {[%emt
00:00:09]} 2. Nc3 {[%clk 01:31:07]} {[%emt 00:00:17]} Nc6 {[%clk 01:30:58]}
{[%emt 00:00:25]} 3. Bb5 {[%clk 01:31:18]} {[%emt 00:00:19]} Nd4 {[%clk
01:31:09]} {[%emt 00:00:20]} 4. Bc4 {[%clk 01:31:41]} {[%emt 00:00:07]} e6
{[%clk 01:30:58]} {[%emt 00:00:41]} 5. Nge2 {[%clk 01:30:59]} {[%emt 00:01:12]}
Nf6 {[%clk 01:24:06]} {[%emt 00:07:22]} 6. O-O {[%clk 01:29:47]} {[%emt
00:01:41]} d6 {[%clk 01:18:47]} {[%emt 00:05:50]} 7. d3 {[%clk 01:29:47]}
{[%emt 00:00:29]} Nc6 {[%clk 01:17:19]} {[%emt 00:01:58]} 8. f4 {[%clk
01:24:08]} {[%emt 00:06:09]} Be7 {[%clk 01:16:56]} {[%emt 00:00:54]} 9. Ng3
{[%clk 01:23:18]} {[%emt 00:01:20]} O-O {[%clk 01:16:36]} {[%emt 00:00:50]} 10.
a3 {[%clk 01:21:58]} {[%emt 00:01:49]} d5 {[%clk 01:15:01]} {[%emt 00:02:06]}
11. Ba2 {[%clk 01:20:30]} {[%emt 00:01:57]} dxe4 {[%clk 01:12:59]} {[%emt
00:02:32]} 12. Ncxe4 {[%clk 01:17:45]} {[%emt 00:03:15]} b6 {[%clk 01:12:26]}
{[%emt 00:01:04]} 13. Kh1 {[%clk 01:13:33]} {[%emt 00:04:41]} Bb7 {[%clk
01:11:03]} {[%emt 00:01:54]} 14. f5 {[%clk 01:08:46]} {[%emt 00:05:17]} Nxe4
{[%clk 01:00:55]} {[%emt 00:10:38]} 15. Nxe4 {[%clk 01:04:41]} {[%emt
00:04:35]} exf5 {[%clk 01:00:56]} {[%emt 00:00:28]} 16. Ng3 {[%clk 00:58:39]}
{[%emt 00:06:32]} Bf6 {[%clk 00:45:36]} {[%emt 00:15:50]} 17. Nxf5 {[%clk
00:55:05]} {[%emt 00:04:04]} Nd4 {[%clk 00:45:21]} {[%emt 00:00:45]} 18. Ne3
{[%clk 00:54:35]} {[%emt 00:01:00]} Bg5 {[%clk 00:35:32]} {[%emt 00:10:19]} 19.
c3 {[%clk 00:47:47]} {[%emt 00:07:17]} Bxe3 {[%clk 00:32:37]} {[%emt 00:03:26]}
20. Bxe3 {[%clk 00:48:12]} {[%emt 00:00:05]} Ne6 {[%clk 00:32:49]} {[%emt
00:00:18]} 21. Qh5 {[%clk 00:41:14]} {[%emt 00:07:27]} Qxd3 {[%clk 00:29:58]}
{[%emt 00:03:21]} 22. Rae1 {[%clk 00:41:40]} {[%emt 00:00:05]} Qg6 {[%clk
00:25:18]} {[%emt 00:05:10]} 23. Qh3 {[%clk 00:41:12]} {[%emt 00:00:57]} Ng5
{[%clk 00:19:34]} {[%emt 00:06:15]} 24. Qg3 {[%clk 00:33:15]} {[%emt 00:08:26]}
Ne4 {[%clk 00:16:08]} {[%emt 00:03:57]} 25. Qxg6 {[%clk 00:33:38]} {[%emt
00:00:05]} hxg6 {[%clk 00:16:35]} {[%emt 00:00:05]} 26. Rd1 {[%clk 00:34:00]}
{[%emt 00:00:08]} Nf6 {[%clk 00:14:02]} {[%emt 00:03:03]} 27. b4 {[%clk
00:29:46]} {[%emt 00:04:44]} Rfe8 {[%clk 00:10:56]} {[%emt 00:03:37]} 28. Rfe1
{[%clk 00:30:04]} {[%emt 00:00:12]} cxb4 {[%clk 00:05:39]} {[%emt 00:05:47]} 29.
axb4 {[%clk 00:30:21]} {[%emt 00:00:13]} Rad8 {[%clk 00:05:42]} {[%emt
00:00:28]} 30. Rxd8 {[%clk 00:29:23]} {[%emt 00:01:28]} Rxd8 {[%clk 00:06:07]}
{[%emt 00:00:04]} 31. Bd4 {[%clk 00:29:31]} {[%emt 00:00:21]} Bd5 {[%clk
00:03:13]} {[%emt 00:03:25]} 32. Bb1 {[%clk 00:29:42]} {[%emt 00:00:19]} Re8
{[%clk 00:02:42]} {[%emt 00:01:01]} 33. Rxe8+ {[%clk 00:30:05]} {[%emt
00:00:06]} Nxe8 {[%clk 00:03:08]} {[%emt 00:00:04]} 34. Be5 {[%clk 00:30:30]}
{[%emt 00:00:04]} Bc4 {[%clk 00:02:18]} {[%emt 00:01:20]} 35. Kg1 {[%clk
00:30:16]} {[%emt 00:00:43]} Kf8 {[%clk 00:01:38]} {[%emt 00:01:11]} 36. Kf2
{[%clk 00:30:20]} {[%emt 00:00:26]} Ke7 {[%clk 00:01:20]} {[%emt 00:00:48]} 37.
Ke3 {[%clk 00:30:07]} {[%emt 00:00:42]} Ke6 {[%clk 00:00:40]} {[%emt 00:01:11]}
38. Bb8 {[%clk 00:26:53]} {[%emt 00:03:44]} a6 {[%clk 00:00:43]} {[%emt
00:00:28]} 39. Kd4 {[%clk 00:26:01]} {[%emt 00:01:21]} b5 {[%clk 00:00:41]}
{[%emt 00:00:32]} 40. Be4 {[%clk 00:25:31]} {[%emt 00:01:00]} Nf6 {[%clk
00:00:35]} {[%emt 00:00:37]} 41. Bb7 {[%clk 00:25:49]} {[%emt 00:00:11]} Kd7
{[%clk 00:00:34]} {[%emt 00:00:31]} 42. Kc5 {[%clk 00:24:39]} {[%emt 00:01:40]}
Ke6 {[%clk 00:00:33]} {[%emt 00:00:31]} 43. Bc8+ {[%clk 00:23:37]} {[%emt
00:01:32]} Ke7 {[%clk 00:01:02]} {[%emt 00:00:02]} 44. Kd4 {[%clk 00:22:22]}
{[%emt 00:01:44]} Nd7 {[%clk 00:01:05]} {[%emt 00:00:28]} 45. Bg3 {[%clk
00:21:01]} {[%emt 00:01:50]} Nb6 {[%clk 00:00:56]} {[%emt 00:00:40]} 46. Bxa6
{[%clk 00:21:12]} {[%emt 00:00:19]} Na4 {[%clk 00:00:49]} {[%emt 00:00:38]} 47.
h4 {[%clk 00:20:04]} {[%emt 00:01:38]} Kd7 {[%clk 00:00:47]} {[%emt 00:00:32]}
48. Bb7 {[%clk 00:19:30]} {[%emt 00:01:04]} Ke6 {[%clk 00:00:48]} {[%emt
00:00:28]} 49. Bc7 {[%clk 00:18:44]} {[%emt 00:01:16]} Kd7 {[%clk 00:00:55]}
{[%emt 00:00:23]} 50. Bf4 {[%clk 00:18:20]} {[%emt 00:00:53]} Ke6 {[%clk
00:01:02]} {[%emt 00:00:24]} 51. g4 {[%clk 00:18:40]} {[%emt 00:00:10]} f6
{[%clk 00:00:38]} {[%emt 00:00:55]} 52. Be4 {[%clk 00:18:42]} {[%emt 00:00:27]}
f5 {[%clk 00:00:46]} {[%emt 00:00:22]} 53. gxf5+ {[%clk 00:18:30]} {[%emt
00:00:42]} gxf5 {[%clk 00:01:15]} {[%emt 00:00:01]} 54. Bf3 {[%clk 00:18:54]}
{[%emt 00:00:05]} g6 {[%clk 00:01:29]} {[%emt 00:00:17]} 55. Bc6 {[%clk
00:19:01]} {[%emt 00:00:23]} Nb2 {[%clk 00:01:26]} {[%emt 00:00:33]} 56. Be8
{[%clk 00:18:33]} {[%emt 00:00:58]} Nd3 {[%clk 00:01:38]} {[%emt 00:00:18]} 57.
Bg5 {[%clk 00:16:58]} {[%emt 00:02:06]} f4 {[%clk 00:01:22]} {[%emt 00:00:46]}
58. Ke4 {[%clk 00:15:11]} {[%emt 00:02:16]} f3 {[%clk 00:00:45]} {[%emt
00:01:07]} 59. Kxf3 {[%clk 00:15:35]} {[%emt 00:00:05]} Kf5 {[%clk 00:00:41]}
{[%emt 00:00:34]} 60. Ke3 {[%clk 00:14:34]} {[%emt 00:01:31]} Nc1 {[%clk
00:00:36]} {[%emt 00:00:36]} 61. Bd7+ {[%clk 00:11:51]} {[%emt 00:03:13]} Ke5
{[%clk 00:00:58]} {[%emt 00:00:08]} 62. Bf4+ {[%clk 00:12:16]} {[%emt
00:00:04]} Kf6 {[%clk 00:00:55]} {[%emt 00:00:34]} 63. Ke4 {[%clk 00:12:28]}
{[%emt 00:00:17]} Ne2 {[%clk 00:00:57]} {[%emt 00:00:28]} 64. Be5+ {[%clk
00:12:50]} {[%emt 00:00:08]} Ke7 {[%clk 00:01:22]} {[%emt 00:00:05]} 65. Bc6
{[%clk 00:11:36]} {[%emt 00:01:44]} Ke6 {[%clk 00:01:07]} {[%emt 00:00:46]} 66.
Bb7 {[%clk 00:10:46]} {[%emt 00:01:19]} Nc1 {[%clk 00:00:51]} {[%emt 00:00:46]}
67. Bc8+ {[%clk 00:09:19]} {[%emt 00:01:56]} Ke7 {[%clk 00:01:19]} {[%emt
00:00:02]} 68. Kd4 {[%clk 00:08:41]} {[%emt 00:01:08]} Nb3+ {[%clk 00:01:43]}
{[%emt 00:00:08]} 69. Ke4 {[%clk 00:08:38]} {[%emt 00:00:32]} Nc1 {[%clk
00:02:11]} {[%emt 00:00:02]} 70. Bd4 {[%clk 00:07:52]} {[%emt 00:01:16]} Nd3
{[%clk 00:01:04]} {[%emt 00:01:38]} 71. Bg4 {[%clk 00:07:43]} {[%emt 00:00:38]}
Nc1 {[%clk 00:00:59]} {[%emt 00:00:36]} 72. Kf4 {[%clk 00:07:35]} {[%emt
00:00:38]} Kf7 {[%clk 00:00:38]} {[%emt 00:00:52]} 73. Bf3 {[%clk 00:07:19]}
{[%emt 00:00:44]} Ne2+ {[%clk 00:00:31]} {[%emt 00:00:37]} 74. Ke5 {[%clk
00:06:49]} {[%emt 00:01:00]} Ke7 {[%clk 00:00:32]} {[%emt 00:00:30]} 75. Be4
{[%clk 00:06:53]} {[%emt 00:00:25]} Kf7 {[%clk 00:00:31]} {[%emt 00:00:32]} 76.
Bd5+ {[%clk 00:06:44]} {[%emt 00:00:38]}  1-0